Zdravotný stav študentov EU a ich postoj k pohybovej aktivite

Na minha lista:
Detalhes bibliográficos
Autor principal: Gádošiová, Daniela
Formato: Capítulo de Livro
Idioma:eslovaco
Tags: Adicionar Tag
Sem tags, seja o primeiro a adicionar uma tag!

MARC

LEADER 00000naa$a2200000$$$4500
001 0066298
005 20240502071803.2
041 0 |a slo 
044 |a SK 
245 1 0 |a Zdravotný stav študentov EU a ich postoj k pohybovej aktivite  |c Daniela Gádošiová 
100 1 |a Gádošiová, Daniela